State Capital Danger Zone Quiz Stats

 Plays Quiz Updated Apr 23, 2012

Support Sporcle.
Go Orange.
Score 0/50 Timer 04:00
3 Plays Today
% Correct
???
43.4%
???
43.4%
???
43.1%
???
42.2%
???
41.1%
???
40.2%
???
40.1%
???
40.1%
???
39.7%
???
39.6%
???
39.2%
???
38.6%
???
38.1%
???
38%
???
37.5%
???
37.4%
???
36.5%
???
36%
???
35.6%
???
35.3%
???
34.8%
???
34.6%
???
34.2%
???
34.1%
???
34%
% Correct
???
33.9%
???
33.9%
???
33.8%
???
33.6%
???
33.5%
???
33.2%
???
32.7%
???
32.6%
???
32.4%
???
32%
???
31.6%
???
31.5%
???
31.4%
???
31.4%
???
31.1%
???
31.1%
???
31.1%
???
30.8%
???
30.3%
???
28.7%
???
27.1%
???
26.5%
???
24.9%
???
24.7%
???
24.5%

You're not logged in!

Compare scores with friends on all Sporcle quizzes.
OR
Log In

From the Vault

Remove Ads.
Support Sporcle.
Get the best of Sporcle when you Go Orange. This ad-free experience offers more features, more stats, and more fun while also helping to support Sporcle. Thank you for becoming a member.

Show Comments

Extras

Top Quizzes Today


Score Distribution

Your Account Isn't Verified!

In order to create a playlist on Sporcle, you need to verify the email address you used during registration. Go to your Sporcle Settings to finish the process.

Report this User

Report this user for behavior that violates our Community Guidelines.

Details: